[Event "Moscow Time of the First U15"]
[Site "Moscow"]
[Date "2019.06.18"]
[Round "2"]
[White "Gubanov, Timofey"]
[Black "Terekhov, Vjacheslav"]
[Result "1-0"]
[WhiteElo "1555"]
[BlackElo "1251"]
[PlyCount "101"]
[EventDate "2019.06.17"]
[EventType "swiss"]
[EventRounds "9"]
[EventCountry "RUS"]
[SourceTitle "EXT 2021"]
[Source "ChessBase"]
[SourceDate "2020.10.23"]
[SourceVersion "1"]
[SourceVersionDate "2020.10.23"]
[SourceQuality "1"]

1. d4 d5 2. Nf3 Bf5 3. c4 c6 4. Nc3 e6 5. cxd5 cxd5 6. Qb3 Qd7 7. Ne5 Qc8 8. Bf4 Nc6 9. Nxc6 Qxc6 10. e4 a6 11. exf5 Nf6 12. Nb5 Kd8 13. Rc1 Qd7 14. Nc7 Rc8 15. Qb6 Ke7 16. Bd2 Ne4 17. Bb4+ Kf6 18. Nxd5+ Qxd5 19. Bd2 Rxc1+ 20. Bxc1 Kxf5 21. Bd3 Kf6 22. f3 Nd6 23. Qd8+ Be7 24. Qxh8 h6 25. Bxh6 Nf5 26. Bxf5 Bb4+ 27. Ke2 exf5 28. Qxg7+ Ke6 29. Qe5+ Qxe5+ 30. dxe5 Kxe5 31. Bd2 Bc5 32. h4 Kf6 33. h5 Kg7 34. h6+ Kh7 35. Rh5 f6 36. Rxf5 Bd4 37. Bc3 Bxc3 38. bxc3 Kxh6 39. Rxf6+ Kg5 40. Rb6 a5 41. Rxb7 a4 42. Ra7 Kf4 43. Rxa4+ Kg5 44. Rd4 Kf5 45. a4 Ke5 46. a5 Ke6 47. a6 Kf6 48. a7 Kg5 49. a8Q Kh5 50. Rg4 Kh6 51. Qh8# 1-0